Switzerland Canton Flag Quiz - Statistics

General Stats
  • This quiz has been taken 41 times
  • The average score is 18 of 26
Answer Stats
Picture Answer % Correct
Bern
91%
St. Gallen
82%
Valais
82%
Zürich
82%
Basel-Stadt
77%
Genève
77%
Glarus
77%
Schwyz
77%
Uri
77%
Vaud
77%
Luzern
73%
Thurgau
73%
Ticino
73%
Aargau
68%
Graubünden
68%
Jura
68%
Neuchâtel
68%
Nidwalden
68%
Zug
68%
Fribourg
64%
Obwalden
64%
Schaffhausen
64%
Appenzell Ausserrhoden
59%
Appenzell Innerrhoden
59%
Basel-Landschaft
55%
Solothurn
55%
No matching quizzes found
Score Distribution
Percent of People with Each Score
Percentile by Number Answered
Your Score History
You have not taken this quiz